|
|
|
|
| LEADER |
00000nab a2200000uu 4500 |
| 001 |
vtls011451003 |
| 003 |
SK-MaSNL |
| 005 |
20260303151404.0 |
| 008 |
230222|1976 xo |||||||||||||||||eng| |
| 015 |
|
|
|a SNBRB
|
| 035 |
|
|
|a (urnnbn)urn:nbn:sk:snk:ar-006k8s
|
| 035 |
|
|
|a (uuid)e9f98847-e5b9-41ad-a71c-7f883c2347ce
|
| 035 |
|
|
|a urn:nbn:sk:snk-abcn2a
|
| 040 |
|
|
|a SNKBUCL
|b slo
|c SNKBUCL
|e AACR2
|
| 041 |
0 |
|
|a eng
|
| 044 |
|
|
|a xo
|c SK
|
| 100 |
1 |
|
|a Šoltés, Pavel
|4 aut
|9 1170906
|
| 245 |
1 |
0 |
|a OSCILLATORINESS OF SOLUTIONS OF A NONLINEAR SECOND ORDER DIFFERENTIAL EQUATION
|c Pavel Šoltés
|
| 773 |
0 |
|
|t Mathematica Slovaca
|g Roč. 26, č. 4 (1976), s. 337-342
|
| 958 |
|
|
|a OND
|
| 958 |
|
|
|a EUIPO
|
| 958 |
|
|
|a article16
|
| 999 |
|
|
|c 2017490
|d 2019420
|